Score 0/14 Timer 01:30
0 Plays Today
Hint 5-Letter Words % Correct
The opposite of tails in a coin toss HEADS
95.3%
A contract renting land, buildings, etc., to anotherLEASE
94.6%
Perceives with the earHEARS
94%
Of great weightHEAVY
93.9%
The smallest amountLEAST
93.4%
To depart; quit; get out fromLEAVE
93.3%
To lift with effortHEAVE
92.3%
Hint 5-Letter Words % Correct
A wild animalBEAST
92.1%
A manual transmission car has several _____GEARS
92.1%
Intoxicating; or greatly affecting the mindHEADY
87.1%
To exaggerateBOAST
86.1%
The land next to the sea; seashoreCOAST
85.5%
To keep safe from harm or dangerGUARD
42%
Plants of the pea family, aka cluster beansGUARS
37.1%

Today's Daily Dose

You're not logged in!

Compare scores with friends on all Sporcle quizzes.
OR
Log In

Sporcle TV

Today on Sporcle TV


Watch our educational content, quiz creation guides, and fun videos on Sporcle TV.

Show Comments

Extras

Top Quizzes Today


Score Distribution

Paid Content

Your Account Isn't Verified!

In order to create a playlist on Sporcle, you need to verify the email address you used during registration. Go to your Sporcle Settings to finish the process.

Report this User

Report this user for behavior that violates our Community Guidelines.

Details: